<?xml version="1.0" encoding="UTF-8"?>
<record
    xmlns:xsi="http://www.w3.org/2001/XMLSchema-instance"
    xsi:schemaLocation="http://www.loc.gov/MARC21/slim http://www.loc.gov/standards/marcxml/schema/MARC21slim.xsd"
    xmlns="http://www.loc.gov/MARC21/slim">

  <leader>02307nam a2200529 i 4500</leader>
  <controlfield tag="001">198319</controlfield>
  <controlfield tag="003">ES-MaACL</controlfield>
  <controlfield tag="005">20260518181804.0</controlfield>
  <controlfield tag="007">ta</controlfield>
  <controlfield tag="008">260518s19671972sp ||||| |||| 001 0 spa d</controlfield>
  <datafield tag="017" ind1=" " ind2=" ">
    <subfield code="a">B 31403-1967</subfield>
    <subfield code="b">Oficina Dep&#xF3;sito Legal Barcelona</subfield>
  </datafield>
  <datafield tag="017" ind1=" " ind2=" ">
    <subfield code="a">B 31403-1968</subfield>
    <subfield code="b">Oficina Dep&#xF3;sito Legal Barcelona</subfield>
  </datafield>
  <datafield tag="017" ind1=" " ind2=" ">
    <subfield code="a">B 31403-1969</subfield>
    <subfield code="b">Oficina Dep&#xF3;sito Legal Barcelona</subfield>
  </datafield>
  <datafield tag="017" ind1=" " ind2=" ">
    <subfield code="a">B 30332-1970</subfield>
    <subfield code="b">Oficina Dep&#xF3;sito Legal Barcelona</subfield>
  </datafield>
  <datafield tag="017" ind1=" " ind2=" ">
    <subfield code="a">B 552-1971</subfield>
    <subfield code="b">Oficina Dep&#xF3;sito Legal Barcelona</subfield>
  </datafield>
  <datafield tag="017" ind1=" " ind2=" ">
    <subfield code="a">B 21693-1971</subfield>
    <subfield code="b">Oficina Dep&#xF3;sito Legal Barcelona</subfield>
  </datafield>
  <datafield tag="017" ind1=" " ind2=" ">
    <subfield code="a">B 50223-1971</subfield>
    <subfield code="b">Oficina Dep&#xF3;sito Legal Barcelona</subfield>
  </datafield>
  <datafield tag="040" ind1=" " ind2=" ">
    <subfield code="a">ES-MaACL</subfield>
    <subfield code="b">spa</subfield>
    <subfield code="c">ES-MaACL</subfield>
    <subfield code="e">rda</subfield>
  </datafield>
  <datafield tag="080" ind1=" " ind2=" ">
    <subfield code="a">821.133.1-32"18"(082.2)</subfield>
  </datafield>
  <datafield tag="100" ind1="1" ind2=" ">
    <subfield code="a">Balzac, Honor&#xE9; de,</subfield>
    <subfield code="d">1799-1850</subfield>
    <subfield code="4">aut</subfield>
    <subfield code="9">25139</subfield>
    <subfield code="e">aut</subfield>
  </datafield>
  <datafield tag="240" ind1="1" ind2="3">
    <subfield code="a">La com&#xE9;die humaine.</subfield>
    <subfield code="l">Espa&#xF1;ol</subfield>
  </datafield>
  <datafield tag="245" ind1="1" ind2="3">
    <subfield code="a">La comedia humana /</subfield>
    <subfield code="c">Honor&#xE9; de Balzac ; traducci&#xF3;n de Pedro Pellicena</subfield>
  </datafield>
  <datafield tag="250" ind1=" " ind2=" ">
    <subfield code="a">Primera edici&#xF3;n</subfield>
  </datafield>
  <datafield tag="264" ind1=" " ind2="1">
    <subfield code="a">Esplugas de Llobregat (Barcelona) :</subfield>
    <subfield code="b">Plaza &amp; Jan&#xE9;s,</subfield>
    <subfield code="c">1967-1972</subfield>
  </datafield>
  <datafield tag="300" ind1=" " ind2=" ">
    <subfield code="a">8 vol&#xFA;menes ;</subfield>
    <subfield code="c">18 cm</subfield>
  </datafield>
  <datafield tag="336" ind1=" " ind2=" ">
    <subfield code="2">rdacontent</subfield>
    <subfield code="a">Texto</subfield>
  </datafield>
  <datafield tag="337" ind1=" " ind2=" ">
    <subfield code="2">rdamedia</subfield>
    <subfield code="a">sin mediaci&#xF3;n</subfield>
  </datafield>
  <datafield tag="338" ind1=" " ind2=" ">
    <subfield code="2">rdacarrier</subfield>
    <subfield code="a">volumen</subfield>
  </datafield>
  <datafield tag="490" ind1="0" ind2=" ">
    <subfield code="a">Los Cl&#xE1;sicos del Siglo XIX</subfield>
  </datafield>
  <datafield tag="500" ind1=" " ind2=" ">
    <subfield code="a">Registro provisional</subfield>
  </datafield>
  <datafield tag="500" ind1=" " ind2=" ">
    <subfield code="a">Firma de J. Porto en portada</subfield>
  </datafield>
  <datafield tag="500" ind1=" " ind2=" ">
    <subfield code="a">&#xCD;ndices</subfield>
  </datafield>
  <datafield tag="655" ind1=" " ind2="4">
    <subfield code="a">Novelas sociales</subfield>
    <subfield code="9">234402</subfield>
  </datafield>
  <datafield tag="700" ind1="1" ind2=" ">
    <subfield code="a">Pellicena, Pedro</subfield>
    <subfield code="4">trl</subfield>
    <subfield code="9">90079</subfield>
    <subfield code="e">trl</subfield>
  </datafield>
  <datafield tag="852" ind1=" " ind2=" ">
    <subfield code="a">ES-MaACL</subfield>
    <subfield code="c">DES</subfield>
    <subfield code="j">DB-169</subfield>
    <subfield code="h">Donaci&#xF3;n: J. Porto</subfield>
    <subfield code="x">Encuadernaci&#xF3;n carton&#xE9;</subfield>
    <subfield code="9">207293</subfield>
  </datafield>
  <datafield tag="852" ind1=" " ind2=" ">
    <subfield code="a">ES-MaACL</subfield>
    <subfield code="c">DES</subfield>
    <subfield code="j">DB-170</subfield>
    <subfield code="h">Donaci&#xF3;n: J. Porto</subfield>
    <subfield code="x">Encuadernaci&#xF3;n carton&#xE9;</subfield>
    <subfield code="9">207294</subfield>
  </datafield>
  <datafield tag="852" ind1=" " ind2=" ">
    <subfield code="a">ES-MaACL</subfield>
    <subfield code="c">DES</subfield>
    <subfield code="j">DB-171</subfield>
    <subfield code="h">Donaci&#xF3;n: J. Porto</subfield>
    <subfield code="x">Encuadernaci&#xF3;n carton&#xE9;</subfield>
    <subfield code="9">207295</subfield>
  </datafield>
  <datafield tag="852" ind1=" " ind2=" ">
    <subfield code="a">ES-MaACL</subfield>
    <subfield code="c">DES</subfield>
    <subfield code="j">DB-172</subfield>
    <subfield code="h">Donaci&#xF3;n: J. Porto</subfield>
    <subfield code="x">Encuadernaci&#xF3;n carton&#xE9;</subfield>
    <subfield code="9">207296</subfield>
  </datafield>
  <datafield tag="852" ind1=" " ind2=" ">
    <subfield code="a">ES-MaACL</subfield>
    <subfield code="c">DES</subfield>
    <subfield code="j">DB-173</subfield>
    <subfield code="h">Donaci&#xF3;n: J. Porto</subfield>
    <subfield code="x">Encuadernaci&#xF3;n carton&#xE9;</subfield>
    <subfield code="9">207298</subfield>
  </datafield>
  <datafield tag="852" ind1=" " ind2=" ">
    <subfield code="a">ES-MaACL</subfield>
    <subfield code="c">DES</subfield>
    <subfield code="j">DB-174</subfield>
    <subfield code="h">Donaci&#xF3;n: J. Porto</subfield>
    <subfield code="x">Encuadernaci&#xF3;n carton&#xE9;</subfield>
    <subfield code="9">207299</subfield>
  </datafield>
  <datafield tag="852" ind1=" " ind2=" ">
    <subfield code="a">ES-MaACL</subfield>
    <subfield code="c">DES</subfield>
    <subfield code="j">DB-175</subfield>
    <subfield code="h">Donaci&#xF3;n: J. Porto</subfield>
    <subfield code="x">Encuadernaci&#xF3;n carton&#xE9;</subfield>
    <subfield code="9">207300</subfield>
  </datafield>
  <datafield tag="852" ind1=" " ind2=" ">
    <subfield code="a">ES-MaACL</subfield>
    <subfield code="c">DES</subfield>
    <subfield code="j">DB-176</subfield>
    <subfield code="h">Donaci&#xF3;n: J. Porto</subfield>
    <subfield code="x">Encuadernaci&#xF3;n carton&#xE9;</subfield>
    <subfield code="9">207301</subfield>
  </datafield>
  <datafield tag="942" ind1=" " ind2=" ">
    <subfield code="c">MONOGRAFIA</subfield>
    <subfield code="n">0</subfield>
  </datafield>
  <datafield tag="999" ind1=" " ind2=" ">
    <subfield code="c">198319</subfield>
    <subfield code="d">198319</subfield>
  </datafield>
  <datafield tag="952" ind1=" " ind2=" ">
    <subfield code="0">0</subfield>
    <subfield code="1">0</subfield>
    <subfield code="2">udc</subfield>
    <subfield code="4">0</subfield>
    <subfield code="7">0</subfield>
    <subfield code="a">ATENEOM</subfield>
    <subfield code="b">ATENEOM</subfield>
    <subfield code="c">DES</subfield>
    <subfield code="d">2026-05-18</subfield>
    <subfield code="e">DONACION</subfield>
    <subfield code="h">v.1</subfield>
    <subfield code="l">0</subfield>
    <subfield code="o">DB-169 (I)</subfield>
    <subfield code="p">2026-0286</subfield>
    <subfield code="r">2026-05-18 17:56:00</subfield>
    <subfield code="w">2026-05-18</subfield>
    <subfield code="y">MONOGRAFIA</subfield>
  </datafield>
  <datafield tag="952" ind1=" " ind2=" ">
    <subfield code="0">0</subfield>
    <subfield code="1">0</subfield>
    <subfield code="2">udc</subfield>
    <subfield code="4">0</subfield>
    <subfield code="7">0</subfield>
    <subfield code="a">ATENEOM</subfield>
    <subfield code="b">ATENEOM</subfield>
    <subfield code="c">DES</subfield>
    <subfield code="d">2026-05-18</subfield>
    <subfield code="e">DONACION</subfield>
    <subfield code="h">v.2</subfield>
    <subfield code="l">0</subfield>
    <subfield code="o">DB-170 (II)</subfield>
    <subfield code="p">2026-0287</subfield>
    <subfield code="r">2026-05-18 17:57:00</subfield>
    <subfield code="w">2026-05-18</subfield>
    <subfield code="y">MONOGRAFIA</subfield>
  </datafield>
  <datafield tag="952" ind1=" " ind2=" ">
    <subfield code="0">0</subfield>
    <subfield code="1">0</subfield>
    <subfield code="2">udc</subfield>
    <subfield code="4">0</subfield>
    <subfield code="7">0</subfield>
    <subfield code="a">ATENEOM</subfield>
    <subfield code="b">ATENEOM</subfield>
    <subfield code="c">DES</subfield>
    <subfield code="d">2026-05-18</subfield>
    <subfield code="e">DONACION</subfield>
    <subfield code="h">v.3</subfield>
    <subfield code="l">0</subfield>
    <subfield code="o">DB-171 (III)</subfield>
    <subfield code="p">2026-0288</subfield>
    <subfield code="r">2026-05-18 17:57:41</subfield>
    <subfield code="w">2026-05-18</subfield>
    <subfield code="y">MONOGRAFIA</subfield>
  </datafield>
  <datafield tag="952" ind1=" " ind2=" ">
    <subfield code="0">0</subfield>
    <subfield code="1">0</subfield>
    <subfield code="2">udc</subfield>
    <subfield code="4">0</subfield>
    <subfield code="7">0</subfield>
    <subfield code="a">ATENEOM</subfield>
    <subfield code="b">ATENEOM</subfield>
    <subfield code="c">DES</subfield>
    <subfield code="d">2026-05-18</subfield>
    <subfield code="e">DONACION</subfield>
    <subfield code="h">v.4</subfield>
    <subfield code="l">0</subfield>
    <subfield code="o">DB-172 (IV)</subfield>
    <subfield code="p">2026-0289</subfield>
    <subfield code="r">2026-05-18 17:59:13</subfield>
    <subfield code="w">2026-05-18</subfield>
    <subfield code="y">MONOGRAFIA</subfield>
  </datafield>
  <datafield tag="952" ind1=" " ind2=" ">
    <subfield code="0">0</subfield>
    <subfield code="1">0</subfield>
    <subfield code="2">udc</subfield>
    <subfield code="4">0</subfield>
    <subfield code="7">0</subfield>
    <subfield code="a">ATENEOM</subfield>
    <subfield code="b">ATENEOM</subfield>
    <subfield code="c">DES</subfield>
    <subfield code="d">2026-05-18</subfield>
    <subfield code="e">DONACION</subfield>
    <subfield code="h">v.5</subfield>
    <subfield code="l">0</subfield>
    <subfield code="o">DB-173 (V)</subfield>
    <subfield code="p">2026-0290</subfield>
    <subfield code="r">2026-05-18 18:00:00</subfield>
    <subfield code="w">2026-05-18</subfield>
    <subfield code="y">MONOGRAFIA</subfield>
  </datafield>
  <datafield tag="952" ind1=" " ind2=" ">
    <subfield code="0">0</subfield>
    <subfield code="1">0</subfield>
    <subfield code="2">udc</subfield>
    <subfield code="4">0</subfield>
    <subfield code="7">0</subfield>
    <subfield code="a">ATENEOM</subfield>
    <subfield code="b">ATENEOM</subfield>
    <subfield code="c">DES</subfield>
    <subfield code="d">2026-05-18</subfield>
    <subfield code="e">DONACION</subfield>
    <subfield code="h">v.6</subfield>
    <subfield code="l">0</subfield>
    <subfield code="o">DB-174 (VI)</subfield>
    <subfield code="p">2026-0291</subfield>
    <subfield code="r">2026-05-18 18:00:00</subfield>
    <subfield code="w">2026-05-18</subfield>
    <subfield code="y">MONOGRAFIA</subfield>
  </datafield>
  <datafield tag="952" ind1=" " ind2=" ">
    <subfield code="0">0</subfield>
    <subfield code="1">0</subfield>
    <subfield code="2">udc</subfield>
    <subfield code="4">0</subfield>
    <subfield code="7">0</subfield>
    <subfield code="a">ATENEOM</subfield>
    <subfield code="b">ATENEOM</subfield>
    <subfield code="c">DES</subfield>
    <subfield code="d">2026-05-18</subfield>
    <subfield code="e">DONACION</subfield>
    <subfield code="h">v.7</subfield>
    <subfield code="l">0</subfield>
    <subfield code="o">DB-175 (VII)</subfield>
    <subfield code="p">2026-0292</subfield>
    <subfield code="r">2026-05-18 18:01:00</subfield>
    <subfield code="w">2026-05-18</subfield>
    <subfield code="y">MONOGRAFIA</subfield>
  </datafield>
  <datafield tag="952" ind1=" " ind2=" ">
    <subfield code="0">0</subfield>
    <subfield code="1">0</subfield>
    <subfield code="2">udc</subfield>
    <subfield code="4">0</subfield>
    <subfield code="7">0</subfield>
    <subfield code="a">ATENEOM</subfield>
    <subfield code="b">ATENEOM</subfield>
    <subfield code="c">DES</subfield>
    <subfield code="d">2026-05-18</subfield>
    <subfield code="e">DONACION</subfield>
    <subfield code="h">v.8</subfield>
    <subfield code="l">0</subfield>
    <subfield code="o">DB-176 (VIII)</subfield>
    <subfield code="p">2026-0293</subfield>
    <subfield code="r">2026-05-18 18:02:00</subfield>
    <subfield code="w">2026-05-18</subfield>
    <subfield code="y">MONOGRAFIA</subfield>
  </datafield>
</record>
